000 00737nam a2200253 a 4500
008
020 _a9780521192453 (paperback)
040 _aNust
_cNUST
049 _aMAIN
090 _aTA357
_bKAT
100 1 _aKatz, Joseph.
245 1 0 _aIntroduction to Fluid mechanics /
_cKatz, Joseph.
260 _aNew York :
_b Cambridge,
_c2010
300 _aix, 441 pages :
_billustrations ;
_c26cm
336 _atext
_btxt
_2rdacontent
337 _aunmediated
_bn
_2rdamedia
338 _avolume
_bnc
_2rdacontent
500 _aIncludes index.
650 1 _aFluid mechanics
907 _a.b10400096
_b28-10-21
_c25-03-21
003
005 20230123141147.0
942 _cBOOKS
_kTA357
_mKAT
999 _c168718
_d168718